[Event "Norway Masters blitz"]
[Site "Stavanger"]
[Date "2013.05.07"]
[Round "7"]
[White "Radjabov, Teimour"]
[Black "Svidler, Peter"]
[Result "0-1"]
[WhiteElo "2745"]
[BlackElo "2769"]
[PlyCount "108"]
[EventDate "2013.05.07"]
[EventType "tourn (blitz)"]
[EventRounds "9"]
[EventCountry "NOR"]
[EventCategory "21"]
[SourceTitle "CBM 154 Extra"]
[Source "ChessBase"]
[SourceDate "2013.06.25"]
[SourceVersion "2"]
[SourceVersionDate "2013.06.25"]
[SourceQuality "1"]

1. Nf3 g6 2. c4 Bg7 3. Nc3 c5 4. g3 Nc6 5. Bg2 d6 6. a3 e6 7. b4 Nge7 8. Rb1
O-O 9. O-O b6 10. Bb2 cxb4 11. axb4 Nxb4 12. Ne4 e5 13. d3 a5 14. Qd2 Bb7 15.
Ba3 d5 16. cxd5 Nexd5 17. Rfc1 Re8 18. h4 f5 19. Neg5 h6 20. e4 Nf6 21. Bxb4
axb4 22. Qxb4 hxg5 23. Nxg5 Qe7 24. Qxb6 Rac8 25. exf5 Rxc1+ 26. Rxc1 Bxg2 27.
Kxg2 gxf5 28. Qb3+ Kh8 29. Rc6 Qd7 30. Nf7+ Kh7 31. Ng5+ Kg6 32. Rb6 Rd8 33.
Kg1 Qd5 34. Qxd5 Rxd5 35. Nf3 Kf7 36. Ng5+ Ke7 37. Rb7+ Nd7 38. Rb3 Bf6 39. Nf3
Nc5 40. Ra3 Nxd3 41. h5 e4 42. Nh2 Bd4 43. h6 Kf7 44. Kg2 Rd6 45. g4 Rxh6 46.
gxf5 Nf4+ 47. Kg3 Rh3+ 48. Kxf4 Rxa3 49. Kxe4 Bxf2 50. Ng4 Ra4+ 51. Kf3 Bd4 52.
Ke4 Bb2+ 53. Kf3 Bc1 54. Kg3 Ra5 0-1

[Event "Norway Masters blitz"]
[Site "Stavanger"]
[Date "2013.05.07"]
[Round "8"]
[White "Anand, Viswanathan"]
[Black "Radjabov, Teimour"]
[Result "1-0"]
[WhiteElo "2783"]
[BlackElo "2745"]
[PlyCount "65"]
[EventDate "2013.05.07"]
[EventType "tourn (blitz)"]
[EventRounds "9"]
[EventCountry "NOR"]
[EventCategory "21"]
[SourceTitle "CBM 154 Extra"]
[Source "ChessBase"]
[SourceDate "2013.06.25"]
[SourceVersion "2"]
[SourceVersionDate "2013.06.25"]
[SourceQuality "1"]

1. e4 c5 2. Nf3 Nc6 3. Bb5 g6 4. Bxc6 dxc6 5. d3 Bg7 6. h3 Nh6 7. O-O b6 8. a3
O-O 9. Be3 f6 10. b4 cxb4 11. axb4 e5 12. Nbd2 Nf7 13. Nc4 Be6 14. Nfd2 f5 15.
f3 f4 16. Bf2 g5 17. Ra6 h5 18. Qa1 g4 19. fxg4 hxg4 20. hxg4 Bxg4 21. Rxa7
Rxa7 22. Qxa7 Qg5 23. Bxb6 Re8 24. Nf3 Qh5 25. Ncd2 Re6 26. Kf2 Rg6 27. Ke1 Ng5
28. Kd1 Ne6 29. Kc1 Bf8 30. Qb8 Bxf3 31. gxf3 Rg2 32. Qc8 Qg6 33. Nc4 1-0

[Event "Norway Masters blitz"]
[Site "Stavanger"]
[Date "2013.05.07"]
[Round "9"]
[White "Radjabov, Teimour"]
[Black "Hammer, Jon Ludvig"]
[Result "1/2-1/2"]
[WhiteElo "2745"]
[BlackElo "2608"]
[PlyCount "136"]
[EventDate "2013.05.07"]
[EventType "tourn (blitz)"]
[EventRounds "9"]
[EventCountry "NOR"]
[EventCategory "21"]
[SourceTitle "CBM 154 Extra"]
[Source "ChessBase"]
[SourceDate "2013.06.25"]
[SourceVersion "2"]
[SourceVersionDate "2013.06.25"]
[SourceQuality "1"]

1. Nf3 Nf6 2. c4 g6 3. Nc3 d5 4. cxd5 Nxd5 5. e4 Nxc3 6. dxc3 Qxd1+ 7. Kxd1 f6
8. h4 h5 9. e5 Bg4 10. exf6 exf6 11. Bd3 Kf7 12. Bf4 Bc5 13. Kc2 c6 14. Nd2 Nd7
15. Ne4 Bf5 16. Rad1 Be7 17. f3 Ne5 18. Bxe5 fxe5 19. g3 Rad8 20. Rhe1 Bxe4 21.
Bxe4 Rxd1 22. Rxd1 Rd8 23. Re1 Bc5 24. Re2 Be7 25. Bd3 Bf6 26. Re4 Rd7 27. a4
Kg7 28. Re2 Kf7 29. Rg2 Rd6 30. Be4 Bd8 31. Re2 Bc7 32. Re1 Bd8 33. Bd3 Bf6 34.
b4 Kg7 35. Be4 Kf7 36. Rb1 Rd7 37. b5 cxb5 38. Rxb5 b6 39. a5 Rd6 40. axb6 axb6
41. Rb1 Be7 42. Rb5 Bf6 43. c4 Kg7 44. c5 bxc5 45. Rxc5 Rd7 46. Rc6 Kf7 47. Rb6
Kg7 48. Ra6 Kf7 49. Kb3 Kg7 50. Kc4 Kf7 51. Rb6 Rc7+ 52. Bc6 e4 53. fxe4 Be5
54. Kd5 Bxg3 55. e5 Bxh4 56. Rb3 Be7 57. Rf3+ Kg7 58. Rb3 h4 59. Rb7 Rxb7 60.
Bxb7 h3 61. Ke4 h2 62. Kf4 Bc5 63. Kg4 Bd4 64. e6 Kf6 65. Bd5 h1=Q 66. Bxh1
Kxe6 67. Be4 Kf6 68. Bxg6 Ke5 1/2-1/2

[Event "Norway Chess 1st"]
[Site "Stavanger"]
[Date "2013.05.08"]
[Round "1"]
[White "Karjakin, Sergey"]
[Black "Radjabov, Teimour"]
[Result "1-0"]
[WhiteElo "2767"]
[BlackElo "2745"]
[Annotator "Marin,M"]
[PlyCount "81"]
[EventDate "2013.05.08"]
[EventType "tourn"]
[EventRounds "9"]
[EventCountry "NOR"]
[EventCategory "21"]
[SourceTitle "CBM 155"]
[Source "ChessBase"]
[SourceDate "2013.07.16"]
[SourceVersion "1"]
[SourceVersionDate "2013.07.16"]
[SourceQuality "1"]

1. e4 c5 2. Nf3 Nc6 3. Nc3 {A tricky move order.} ({Since Radjabov seem to be
well prepared after} 3. Bb5 e6 {, Karjakin induces ...g6 before playing his
bishop to b5.}) 3... g6 4. Bb5 Bg7 5. O-O e5 6. d3 Nge7 7. Bc4 {This may be a
preparation for either Bg5 or Ng5.} ({Yet,} 7. Bg5 f6 8. Be3 {Hansen,
C-Gruenberg,R Esbjerg 1980 (1-0, 39), looks pleasant for White all the same.})
7... h6 {Hard to say whether this is really necessary. What could Black had
feared after 7...0-0?} (7... O-O $5 8. Bg5 {This looks like the critical line.}
(8. Ne1 {Morozevich,A (2732)-Ivanchuk,V (2716)/Monaco 2004/CBM 099 ext (1-0,
41), does not look like a refutation of the last move.}) (8. Ng5 h6 9. Nh3 d6
10. f4 Na5 {Naumkin,I (2470)-Krasenkow,M (2380)/Norilsk 1987/EXT 97 (0-1, 29),
also is far from clear.}) 8... h6 {0-1 (32) Planinec,A (2475)-Parma,B (2540)
Belgrade 1978} 9. Bxe7 Nxe7 10. a4 {with nice play on the light squares.}) 8.
a3 $5 $146 O-O 9. b4 {Played in the spirit of the Evans Gambit!} d6 (9... cxb4
10. axb4 Nxb4 11. Ba3 Nbc6 (11... Nec6 12. Nb5 {[%csl Gf8][%cal Gc2c3]} Re8 13.
Nd6 $16) 12. Bd6 $16) 10. bxc5 dxc5 11. Re1 Kh7 12. Nd5 $14 {Starting with
this moment, White consistently increases his domination on the light squares.}
Be6 13. Nxe7 Qxe7 14. Bd5 Nd4 15. Nd2 Bxd5 16. exd5 Rad8 17. c3 Nb5 18. c4 Nd4
19. a4 Qd7 20. Rb1 b6 21. Bb2 Rfe8 22. a5 Qc7 23. Qa4 f5 24. axb6 axb6 25. Bxd4
cxd4 26. Qc6 Qxc6 27. dxc6 Rc8 28. Rxb6 Re6 29. f4 e4 30. dxe4 fxe4 31. Rxe4
Rexc6 32. Rxc6 Rxc6 33. Re7 Kg8 34. Rd7 Bf8 35. Ne4 d3 36. Kf2 Ba3 37. Rd4 Kf7
38. Ke3 Bc1+ 39. Nd2 Bxd2+ 40. Kxd2 Ra6 41. c5 1-0

[Event "Norway Chess 1st"]
[Site "Stavanger"]
[Date "2013.05.09"]
[Round "2"]
[White "Topalov, Veselin"]
[Black "Radjabov, Teimour"]
[Result "1/2-1/2"]
[WhiteElo "2793"]
[BlackElo "2745"]
[Annotator "Marin,M"]
[PlyCount "80"]
[EventDate "2013.05.08"]
[EventType "tourn"]
[EventRounds "9"]
[EventCountry "NOR"]
[EventCategory "21"]
[SourceTitle "CBM 155"]
[Source "ChessBase"]
[SourceDate "2013.07.16"]
[SourceVersion "1"]
[SourceVersionDate "2013.07.16"]
[SourceQuality "1"]

1. e4 c5 2. Nf3 Nc6 3. Bb5 e6 4. O-O Nge7 5. Re1 a6 6. Bf1 d5 7. exd5 Nxd5 8.
d4 Nf6 9. Be3 cxd4 10. Nxd4 Ne5 $146 ({Deviating from the natural developing
move} 10... Bd7 {which eventually led Black to defeat in Carlsen,M (2872)
-Gelfand,B (2740)/London 2013/CBM 154/[Nielsen,PH] (1-0, 48)}) 11. h3 Be7 12.
c4 Ng6 13. Nc3 Qc7 {Black's position would be absolutely comfortable if he did
not have the weakness on b6. Still, in the game White did not manage to get
anything special out of it.} 14. Na4 Bd7 15. Qb3 O-O 16. Qb6 Qe5 17. Bd2 Ne4
18. Nc3 Qc5 19. Qxc5 Nxc5 20. b3 Rac8 21. Be3 Rfd8 22. Red1 Be8 23. g3 Ne5 24.
Bg2 Nc6 $11 {Black is perfectly mobilised and has no problems at all.} 25. Nxc6
Bxc6 26. Bxc6 bxc6 27. f4 Kf8 28. Kf2 Ke8 29. Ke2 Rb8 30. g4 f5 31. Rac1 g6 32.
Rd4 Rxd4 33. Bxd4 Rd8 34. Rd1 Nd7 35. Na4 Bd6 36. gxf5 exf5 37. Kf3 Be7 38. Nb2
Nf8 39. Be3 Rxd1 40. Nxd1 Ne6 1/2-1/2

[Event "Norway Chess 1st"]
[Site "Stavanger"]
[Date "2013.05.10"]
[Round "3"]
[White "Radjabov, Teimour"]
[Black "Hammer, Jon Ludvig"]
[Result "1-0"]
[WhiteElo "2745"]
[BlackElo "2608"]
[Annotator "Marin,M"]
[PlyCount "89"]
[EventDate "2013.05.08"]
[EventType "tourn"]
[EventRounds "9"]
[EventCountry "NOR"]
[EventCategory "21"]
[SourceTitle "CBM 155"]
[Source "ChessBase"]
[SourceDate "2013.07.16"]
[SourceVersion "1"]
[SourceVersionDate "2013.07.16"]
[SourceQuality "1"]

1. Nf3 Nf6 2. c4 g6 3. Nc3 d5 4. cxd5 Nxd5 5. g3 Bg7 6. Bg2 O-O 7. O-O Nxc3 8.
bxc3 c5 9. Qa4 ({In my repertoire book based on 1.c4, I examined} 9. Rb1 Nc6
10. Qa4 {After some time, my friend IM Lucian Vasilescu, who followed the
repertoire suggested in the book faithfully, complained that he had met some
problems after} Qc7 {Still, this looks to be pleasant for White, only if he
bases his play on d2-d4.} 11. d4 $1 (11. Ba3 b6 12. d4 Bf5 13. Rbc1 Rab8 14.
Nd2 Na5 15. e4 Bd7 16. Qd1 e5 17. d5 b5 {Nanu,C (2520)-Shishkin,V (2492)/Baia
Sprie 2012 (0-1, 53)}) (11. Qh4 Rd8 12. d3 b6 13. c4 Bb7 14. Bf4 e5 15. Bg5 Rd6
16. Bh6 f6 17. Bxg7 Kxg7 18. Rb2 Re8 $15 {Vasilescu,L (2295)-Danilov,I (2441)/
Brasov 2011/CBM 144 Extra (0-1, 34)}) 11... Bf5 (11... Bd7 12. Bf4 Qc8 13. Qa3
cxd4 14. cxd4 Bf5 15. Rbd1 e6 16. Ne5 Nxe5 17. dxe5 h6 18. h4 {Stein,L (2605)
-Polugaevsky,L (2640)/Leningrad 1971/URS-ch (1-0, 36)}) 12. Bf4 Qa5 13. Qxa5
Nxa5 14. Rb5 b6 15. dxc5 Bd7 16. Rxa5 (16. Rb2 Bxc3 17. Rc2 Bf6 18. cxb6 axb6
19. Rc7 Rad8 20. Ng5 $36) 16... bxa5 17. Ne5 Bxe5 18. Bxe5 Rac8 19. Bd4 Bc6 $17
{Tikkanen,H (2566)-Giri,A (2693)/Malmo 2012/CBM 149 (0-1, 44)}) 9... Qd7 $146 {
This novelty will not offer Black easy life.} ({To me, the most reliable
continuation looks to be} 9... Bd7 10. Qa3 Na6 11. Rb1 Bc6 {Rodshtein,M (2609)
-Howell,D (2616)/Biel 2010/CBM 138/[Ftacnik] (1/2, 52)}) (9... Nd7 {is
relatively popular, but a bit passive:} 10. Rb1 (10. d4 Nb6 11. Qa5 cxd4 12.
cxd4 Be6 13. Rb1 Qd5 14. Qxd5 Bxd5 $11 {Malakhov,V (2707)-Zhou Jianchao (2623)/
Sochi 2009/CBM 131 Extra (1/2, 51)}) 10... Qc7 (10... Nb6 11. Qa5 Bf5 12. Rb5
c4 13. Nd4 Bd7 {Xu Jun (2486)-Li Chao2 (2646)/Qingdao 2011 (1/2, 58)} 14. Bxb7)
11. d4 Nb6 12. Qa3 cxd4 13. cxd4 Bf5 14. Bf4 Qc4 15. e4 $1 $16 {Zhou Jianchao 
(2636)-Melkumyan,H (2600) Martuni 2011 (1-0, 38)}) 10. Qc4 Na6 11. Rb1 Rb8 ({
With his pieces developed on unusual squares, Black does not seem to be ready
to prevent d2-d4:} 11... e5 12. d3 Rb8 13. a4 b6 14. Ng5 Nc7 (14... h6 15. Bh3
Qc7 16. Bxc8 Qxc8 17. Ne4 $16) 15. a5 $14) 12. d4 $14 {The resulting position
can be described as a Grünfeld with a black knight on a6. Not really appealing.
} b5 13. Qd3 Rd8 14. Rd1 Qe8 15. Bf4 Rb6 16. Qc2 Bf5 17. e4 Bg4 18. Be3 {
There is no way to prevent the advance of the d4-pawn.} Rbd6 (18... e6 19. dxc5
$16) (18... cxd4 19. cxd4 e6 20. d5 Rbd6 21. h3 Bxf3 22. Bxf3 $16) 19. d5 $16
e6 20. h3 Bxf3 21. Bxf3 exd5 (21... e5 22. Be2 $18 b4 (22... c4 23. a4) (22...
Rb8 23. a4) 23. a3 $5) 22. exd5 c4 $5 {A desperate attempt to get some
counterplay, which will be almost crowned by success.} 23. Bxa7 Rc8 24. Qb2 Qd7
(24... b4 25. Bd4 $16) 25. Bd4 $6 {This lets a big part of the advantage slip
away.} (25. Be3 $1 $16 Nc5 (25... Qxh3 26. Qxb5) 26. Qxb5) 25... Qxh3 26. Qa3 (
{The problem is that after} 26. Qxb5 $6 {White's pieces are hanging:} Bxd4 27.
Rxd4 Rb8 28. Qxb8+ Nxb8 29. Rxb8+ Kg7 $11) (26. a4 $5 $14 bxa4 27. Qa3) 26...
Qd7 27. Kg2 Bxd4 28. Rxd4 {Black has a normal position, but the next phase of
the game will be marred by mistakes on both sides.} Rc5 $6 (28... Nc5 $132 {
[%csl Gd3]}) 29. Re1 Kg7 (29... h5 $5) 30. Qc1 Nc7 31. Qd2 h5 32. Rf4 $2 (32.
Rh1 $1 $36 {[%cal Gg3g4]}) 32... Rcxd5 $6 (32... Rdxd5 33. Bxd5 Qxd5+ 34. Qxd5
Nxd5 35. Rf3 g5 $13) 33. Bxd5 Rxd5 34. Rd4 $14 Qc6 35. Rxd5 Nxd5 $2 (35...
Qxd5+ 36. Qxd5 Nxd5 $14 {With his queenside pawns weak, White may not be able
to reach more than an ending with 2P vs 3P on the same wing, with an
inevitable draw.}) 36. Qd4+ Kh7 37. Kg1 $18 {With queens on the board, WHite
has a decisive attack.} Nf6 38. Re7 Kg7 39. Re5 Kh7 40. a3 Qa6 41. Qc5 h4 42.
Qf8 hxg3 43. Qxf7+ Kh8 44. Re7 gxf2+ 45. Kf1 1-0

[Event "Norway Chess 1st"]
[Site "Stavanger"]
[Date "2013.05.12"]
[Round "4"]
[White "Wang, Hao"]
[Black "Radjabov, Teimour"]
[Result "1/2-1/2"]
[WhiteElo "2743"]
[BlackElo "2745"]
[PlyCount "64"]
[EventDate "2013.05.08"]
[EventType "tourn"]
[EventRounds "9"]
[EventCountry "NOR"]
[EventCategory "21"]
[SourceTitle "CBM 155"]
[Source "ChessBase"]
[SourceDate "2013.07.16"]
[SourceVersion "1"]
[SourceVersionDate "2013.07.16"]
[SourceQuality "1"]

1. d4 Nf6 2. c4 e6 3. Nc3 Bb4 4. f3 d5 5. a3 Bxc3+ 6. bxc3 c5 7. cxd5 Nxd5 8.
dxc5 Qa5 9. e4 Nf6 10. Be3 O-O 11. Qb3 Nfd7 12. a4 Qc7 13. Qa3 b6 14. a5 bxc5
15. a6 c4 16. Qa5 Qxa5 17. Rxa5 Nc6 18. Ra2 Nde5 19. f4 Ng4 20. Bc1 Rb8 21. Nh3
Rb1 22. Kd2 Rb6 23. Bxc4 Nb8 24. Be2 Nf6 25. Nf2 Bxa6 26. c4 Rc6 27. Kc3 Rfc8
28. Ra4 Nfd7 29. Be3 Nb6 30. Bxb6 axb6 31. Kd4 b5 32. cxb5 Rd8+ 1/2-1/2

[Event "Norway Chess 1st"]
[Site "Stavanger"]
[Date "2013.05.13"]
[Round "5"]
[White "Radjabov, Teimour"]
[Black "Aronian, Levon"]
[Result "1/2-1/2"]
[WhiteElo "2745"]
[BlackElo "2813"]
[PlyCount "62"]
[EventDate "2013.05.08"]
[EventType "tourn"]
[EventRounds "9"]
[EventCountry "NOR"]
[EventCategory "21"]
[SourceTitle "CBM 155"]
[Source "ChessBase"]
[SourceDate "2013.07.16"]
[SourceVersion "1"]
[SourceVersionDate "2013.07.16"]
[SourceQuality "1"]

1. d4 d5 2. c4 c6 3. Nf3 Nf6 4. e3 Bf5 5. cxd5 cxd5 6. Qb3 Qc7 7. Bd2 e6 8.
Bb5+ Nc6 9. O-O Bd6 10. Bb4 O-O 11. Bxc6 bxc6 12. Nbd2 Rfb8 13. Bxd6 Qxd6 14.
Qc3 Qb4 15. Qxb4 Rxb4 16. b3 Nd7 17. a3 Rb6 18. b4 a5 19. Nb3 axb4 20. axb4
Rxa1 21. Rxa1 f6 22. Nc5 Nxc5 23. dxc5 Rxb4 24. Nd4 Rc4 25. Nxc6 Rxc5 26. Ne7+
Kf7 27. Nxf5 exf5 28. Ra7+ Kg6 29. g3 h5 30. Rd7 Rc1+ 31. Kg2 Rd1 1/2-1/2

[Event "Norway Chess 1st"]
[Site "Stavanger"]
[Date "2013.05.14"]
[Round "6"]
[White "Carlsen, Magnus"]
[Black "Radjabov, Teimour"]
[Result "1-0"]
[WhiteElo "2868"]
[BlackElo "2745"]
[Annotator "Sumets,A"]
[PlyCount "135"]
[EventDate "2013.05.08"]
[EventType "tourn"]
[EventRounds "9"]
[EventCountry "NOR"]
[EventCategory "21"]
[SourceTitle "CBM 155"]
[Source "ChessBase"]
[SourceDate "2013.07.16"]
[SourceVersion "1"]
[SourceVersionDate "2013.07.16"]
[SourceQuality "1"]

1. c4 c5 2. Nf3 Nc6 3. Nc3 Nf6 4. e3 e6 5. d4 d5 6. cxd5 exd5 7. Bb5 Bd6 8. O-O
O-O 9. dxc5 Bxc5 10. b3 Bg4 11. Bb2 a6 {Black has several options to achieve a
playable position.} (11... Bd6 12. h3 Bh5 13. Be2 a6 14. Nh4 $1 {A typical
manoeuvre when you are fighting against the isolated pawn} Bxe2 15. Nxe2 Re8
16. Rc1 Ne4 17. Nf5 Be5 18. Bxe5 Rxe5 19. Nfd4 Qd7 20. Nf4 Rae8 21. Nxc6 bxc6
22. Qc2 c5 23. Rfd1 $14 {Kramnik,V-Polgar,J Presidents Cup Baku AZE 2010 1/2-1/
2 (67)}) (11... Rc8 12. Rc1 a6 (12... Bd6 13. h3 Bh5 14. Be2 a6 15. Nh4 Bxe2
16. Nxe2 Be5 (16... Re8 $5 17. Nf3 Ne4) 17. Bxe5 Nxe5 18. Qd4 Re8 19. Nf5 Rxc1
20. Rxc1 Qd7 21. Nfg3 $14 {Grachev,B-Chadaev,N TCh- RUS Loo 2013 1-0 (54)}) 13.
Be2 Ba7 {leads to the game Topalov,V-Karjakin,S.} 14. h3 Bh5 15. Nh4 Bg6 16.
Nxg6 hxg6 17. Bf3 d4 18. exd4 Bxd4 19. Na4 Bxb2 20. Nxb2 Nd4 21. Rxc8 Nxf3+ 22.
Qxf3 Qxc8 $11 {Topalov,V-Karjakin,S Stavanger NOR Blitz 2013 0-1 (64)}) 12.
Bxc6 (12. Be2 Ba7 13. Rc1 Qd7 (13... Rc8 {leads again to Topalov,V-Karjakin,S.}
) 14. Na4 Ne4 15. Ne5 $2 {It's hard to believe, but after this logical move
White's position became very difficult} (15. Nd4 Bxe2 16. Nxe2 Rfe8 $11) 15...
Nxe5 16. Bxe5 Bxe2 17. Qxe2 Rfe8 18. Qb2 $6 (18. Bb2 b5 19. Nc3 Nxf2 20. Rxf2
Bxe3 21. Qf1 Re6 22. Nd1 Bxc1 23. Bxc1 Rae8 $17) 18... b5 19. Bxg7 bxa4 20. Bh8
f6 (20... Qg4 $1 21. Rc7 a3 22. Qa1 Nxf2 23. Rxf2 Bxe3 $19) 21. Bxf6 a3 22. Qa1
Nxf6 23. Qxf6 d4 $17 {Lauber,A-Landa,K Bundesliga Hamburg 2012 0-1 (42)}) 12...
bxc6 13. Rc1 Ba7 (13... Bd6 14. Ne2 Rc8 (14... c5 $5 15. Bxf6 Qxf6 16. Qxd5
Rad8 $44) 15. Ng3 (15. Ne5 $5 Bxe2 16. Qxe2 Qe8 17. Nf3 $14) 15... Re8 16. Qd3
Ne4 17. Nd2 $6 Nxg3 18. hxg3 h5 19. Nf3 Bxf3 $6 20. gxf3 Qg5 21. f4 Qg4 22. Kg2
h4 23. Rh1 $1 hxg3 24. Rh3 $3 $16 {1-0 Peralta,F-Swinkels,R/Wijk aan Zee NED
2013 (31)}) 14. Ne2 {A simple but strong move. In one game White tried his
knight on c5. Nothing good came of it.} (14. Na4 $6 Qd6 15. Rc4 $6 Qe6 16. Nc5
Qc8 17. Rc1 Ne4 18. b4 Bxc5 19. bxc5 f6 20. Qd4 Bxf3 21. gxf3 Ng5 $15 {0-1
Nielsen,U-Sax,G/Vejle 1994/CBM 040 (46)}) 14... Qd6 (14... Bxf3 15. gxf3) 15.
Be5 Qe7 16. Ned4 (16. Rxc6 $4 Bxf3 17. Bxf6 Qd7 $19) 16... Bxf3 $6 {T.
Radjabov decided to play solidly. This desire is very understandable to anyone
who has seen M. Carlsen's elo. However it seems that 16...c5 was stronger.} (
16... c5 17. Nc6 Qe6 18. Bxf6 (18. Nxa7 $2 Bxf3 19. Qxf3 Qxe5 20. Nc6 Qd6 21.
Na5 Qb6 $17) 18... Qxc6 19. Be7 Rfc8 20. Bxc5 Bxc5 21. b4 Qb5 22. bxc5 Rxc5 23.
Rxc5 Qxc5 $11 {The position is very close to equal.}) 17. Nxf3 Rfc8 18. Qd3 a5
(18... Ne4 $5 19. Bb2 a5 20. Rc2 a4 21. Rfc1 axb3 22. axb3 Qe6 $14 {White is
slightly better, but it seems to me that if Black plays precisely he is out of
danger.}) 19. Bxf6 $1 Qxf6 20. Rc2 Rd8 (20... a4 $6 21. b4 Qd6 22. a3 g6 23.
Rfc1 Rc7 24. Nd4 Bxd4 25. Qxd4 Rac8 26. Rc5 $16) 21. Rfc1 c5 (21... d4 $6 22.
e4 $1 (22. exd4 Bxd4 23. Nxd4 Rxd4 24. Qc3 g6 25. Qxc6 Qxc6 26. Rxc6 a4 $14 {
the endgame is rather drawish}) 22... c5 {Black's bishop, which is responsible
for the c5-pawn, is not a very active piece. Gradually White will create an
attack on the kingside.}) 22. e4 $6 (22. Qb5 $1 h6 (22... Bb6 23. Ne5 $1 Qxe5
24. Qxb6 $16) 23. Qxa5 Bb6 24. Qd2 Ba5 25. Qd3 Bb4 26. a4 $16 {Black doesn't
have compensation for the pawn.}) 22... Qg6 $1 23. Re1 dxe4 $1 {Black has an
almost equal endgame.} (23... d4 $6 {See the comments to the 21st move.}) 24.
Qxe4 Qxe4 25. Rxe4 Rd1+ 26. Re1 Rxe1+ 27. Nxe1 Rd8 28. Kf1 (28. a4 $6 Rd1 29.
Kf1 Rb1 30. Rc3 g6 {Black's rook is very active.}) 28... a4 $1 29. bxa4 $1 {
The only chance to play for a win.} Rd4 30. a5 Ra4 31. Rd2 Kf8 32. Nd3 f6 (
32... c4 $2 33. Nb2 Rb4 (33... Rxa2 34. Nxc4 $16) 34. a3) 33. Nb2 Rxa5 $1 (
33... Rxa2 $2 34. Nc4 Ra4 35. Rd8+ Ke7 36. Ra8 Rxc4 37. Rxa7+ Kf8 38. Rc7 $1
$16) 34. Nc4 Ra4 $11 35. Rc2 Ke7 36. Ke2 Ke6 37. Kd3 Kd5 38. a3 h5 39. h3 h4
40. Rc1 g6 41. Rc2 $1 g5 42. Rc1 $22 {Black's king and rook are placed
perfectly. Unfortunately he is forced to remove one of them and White will
play Re1.} Ra6 $1 (42... Bb8 $4 43. Nb6+) 43. Re1 Bb8 44. Re7 Bf4 (44... Be5
45. a4 Bd4 46. Re2 Be5 47. a5 Bd4 $11 {I don't see how White can make any
progress}) 45. Kc3 f5 $2 {A very serious mistake.} (45... Be5+ $1 46. Kb3 (46.
Kd3 Bd4 47. f3 Be5 $11) 46... Kd4 47. a4 (47. Rd7+ Ke4 48. a4 Bd4) 47... Kd3
48. a5 Bd4 49. f3 Ra8 50. Re6 (50. Rb7 $2 Ke2) 50... Rb8+ 51. Rb6 Ra8 52. Re6
$11) 46. Kb3 g4 47. a4 gxh3 48. gxh3 Rg6 49. a5 $16 Rg1 50. a6 Rb1+ 51. Kc3 $6
(51. Ka2 $1 {The endgame should be winning for White} Rb4 (51... Rb8 52. a7
Kxc4 53. axb8=Q Bxb8 54. Kb2 $18) 52. Ne3+ Bxe3 53. Rxe3 Rb8 54. a7 Ra8 55. Ra3
$18) 51... Rc1+ 52. Kd3 $6 (52. Kb3 $1 Rb1+ (52... Rxc4 53. Rd7+ Bd6 (53... Kc6
54. Kxc4 Kxd7 55. a7) 54. Rxd6+ Kxd6 55. Kxc4 Kc6 56. a7 $18) 53. Ka2) 52...
Rd1+ 53. Ke2 $2 (53. Kc3 $1 {He should have changed his mind and put his king
on a2} Rc1+ 54. Kb3 Rb1+ 55. Ka2) 53... Ra1 54. Nb6+ Kd6 55. Rg7 Kc6 56. Rg6+
Kb5 57. Nd5 Be5 $2 {After this weak move Black is in trouble again. He could
make a draw after 57....Ra2.} (57... Ra2+ $1 58. Kf3 Bd2 $1 59. Rd6 Kc4 60. Ne7
Ra3+ 61. Kg2 (61. Ke2 Bf4 62. Re6 Rxh3 63. Nxf5 Kb5 $11) 61... Ra2 62. Re6 (62.
Nxf5 Be1 $11) 62... f4 63. Kf3 Kb5 64. Nd5 c4 65. Ke4 Be1 $1 66. Rg6 c3 67. Rg1
Ra1 68. Nxc3+ Kxa6 69. Ne2 Ra4+ 70. Kf3 Ra3+ 71. Kxf4 Bxf2 $11) 58. Rb6+ Kc4
59. Ne3+ Kc3 60. f4 $1 Bd4 61. Nxf5 c4 62. Rc6 Rh1 $2 (62... Bg1 $1 {The most
stubborn continuation.} 63. Ne3 (63. Nxh4 $6 Kb4 64. Ng6 Bd4 $13) 63... Ra2+
64. Kf3 Kd4 65. Nxc4 Kd5 66. Ne5 Bd4 67. Rf6 (67. Rh6 Bxe5 68. Rh5 (68. fxe5
Kxe5 69. Rh5+ Kf6 70. Rh8 Kg7 71. Ra8 $11) 68... Ra3+ $1 (68... Rxa6 $2 69.
Rxe5+ Kd6 70. Kg4 $18) 69. Kg4 Ke6 70. Rxe5+ Kf6 71. Rh5 Kg7 72. Kxh4 Rxa6 {
a theoretical draw}) 67... Bxe5 68. Rf5 Ke6 $1 69. Rxe5+ Kf6) 63. Nd6 $18 {
Now Black's position is completely hopeless.} Rh2+ 64. Kf3 Kd3 65. Rxc4 Rxh3+
66. Kg4 Rh1 67. Ra4 Bf2 68. Ra3+ 1-0

[Event "Norway Chess 1st"]
[Site "Stavanger"]
[Date "2013.05.18"]
[Round "9"]
[White "Radjabov, Teimour"]
[Black "Svidler, Peter"]
[Result "1/2-1/2"]
[WhiteElo "2745"]
[BlackElo "2769"]
[PlyCount "62"]
[EventDate "2013.05.08"]
[EventType "tourn"]
[EventRounds "9"]
[EventCountry "NOR"]
[EventCategory "21"]
[SourceTitle "CBM 155"]
[Source "ChessBase"]
[SourceDate "2013.07.16"]
[SourceVersion "1"]
[SourceVersionDate "2013.07.16"]
[SourceQuality "1"]

1. d4 Nf6 2. c4 g6 3. Nc3 d5 4. cxd5 Nxd5 5. e4 Nxc3 6. bxc3 Bg7 7. Nf3 c5 8.
Rb1 O-O 9. Be2 cxd4 10. cxd4 Qa5+ 11. Bd2 Qxa2 12. O-O Bg4 13. Rxb7 Bxf3 14.
Bxf3 Bxd4 15. Bb4 Nc6 16. Bxe7 Rfe8 17. Bg5 Bb6 18. h4 Nd4 19. Bf6 Qc4 20. Bxd4
Qxd4 21. Qxd4 Bxd4 22. Rd1 Rad8 23. g3 Kf8 24. Kf1 Bb6 25. h5 Rxd1+ 26. Bxd1
Rxe4 27. hxg6 hxg6 28. Bb3 f5 29. Bf7 Re7 30. Rxe7 Kxe7 31. Bxg6 Kf6 1/2-1/2